ARRUPE JESUIT UNIVERSITY

CORONAVIRUS -STOP THE SPREAD - CLEAN,DISINFECT,COVER

The city of David : (Record no. 126863)

MARC details
000 -LEADER
fixed length control field 01890cam a22003854a 4500
001 - CONTROL NUMBER
control field 13565022
003 - CONTROL NUMBER IDENTIFIER
control field ARRUPE
005 - DATE AND TIME OF LATEST TRANSACTION
control field 20170831144356.0
008 - FIXED-LENGTH DATA ELEMENTS--GENERAL INFORMATION
fixed length control field 040420s2004 dcuab b 000 0deng
010 ## - LIBRARY OF CONGRESS CONTROL NUMBER
LC control number 2004008770
040 ## - CATALOGING SOURCE
Original cataloging agency DLC
Transcribing agency DLC
Modifying agency DLC
041 1# - LANGUAGE CODE
Language code of text/sound track or separate title eng
Language code of original and/or intermediate translations of text fre
042 ## - AUTHENTICATION CODE
Authentication code pcc
043 ## - GEOGRAPHIC AREA CODE
Geographic area code a-is---
050 00 - LIBRARY OF CONGRESS CALL NUMBER
Classification number DS109.8.C54
Item number C58 2004
082 00 - DEWEY DECIMAL CLASSIFICATION NUMBER
Classification number 933
Edition number 22
300 ## - PHYSICAL DESCRIPTION
Dimensions 25cm.
245 04 - TITLE STATEMENT
Title The city of David :
Remainder of title Discoveries from the excavations
Statement of responsibility, etc Edited by Roberta Blender Maltese
260 ## - PUBLICATION, DISTRIBUTION, ETC. (IMPRINT)
Place of publication, distribution, etc Collegeville
Name of publisher, distributor, etc Phillip and Muriel Berman Museum of Art at Ursinus College,
Date of publication, distribution, etc 1991
300 ## - PHYSICAL DESCRIPTION
Extent x, 35p. ;
650 #0 - SUBJECT ADDED ENTRY--TOPICAL TERM
Topical term or geographic name as entry element Jerusalem
General subdivision Antiquities
9 (RLIN) 35477
700 1# - ADDED ENTRY--PERSONAL NAME
Personal name Roberta Blender Maltese
Relator term Editor
9 (RLIN) 35478
906 ## - LOCAL DATA ELEMENT F, LDF (RLIN)
a 7
b cbc
c orignew
d 1
e ecip
f 20
g y-gencatlg
942 ## - ADDED ENTRY ELEMENTS (KOHA)
Source of classification or shelving scheme Library of Congress Classification
Koha item type Monograph ( Printed materials)
Holdings
Withdrawn status Lost status Source of classification or shelving scheme Damaged status Not for loan Collection code Home library Current library Shelving location Date acquired Total Checkouts Full call number Barcode Date last seen Price effective from Koha item type
    Library of Congress Classification     Main Collection ARRUPE LIBRARY ARRUPE LIBRARY Main Collection 31/08/2017   DS109.15. M261 46500027982 04/12/2017 31/08/2017 Monograph ( Printed materials)

 

Arrupe Library. PO Box MP320 Mt Pleasant, Harare, Zimbabwe
263 242 745411|librarian@aju.ac.zw